000 00487nam a2200157 i 4500
001 71854
003 ES-MaACL
005 20230906171240.0
007 t|
008 040819s1966 sp ||||1| spa d
100 1 _aGibson Parra, Percy.
_956669
245 1 0 _aPrimera piedra
_b: (sonetas de la patria) /
_cPercy Gibson Parra.
260 _aLima :
_b[s.n.,
_c1966] (
_fImp. Universidad Nacional de San Marcos)
300 _a84 p., 6 lám. ;
_c25 cm.
852 _aES-MaACL
_jC-34334
_bR.65178
999 _c71854
_d71854